00570nam a2200193 i 4500003000900000005001700009007000300026008004100029040003000070082001800100100001500118245002800133264005600161300002600217336002700243337003400270338002800304500004400332DO-SdBNP20250616102314.0ta110413s1965 dr 000 0 spa d aDO-SdBNPbspacBNPHUerda axxxbR618222 aRivas, Ubi10aAgresión /cUbi Rivas 1aSanto Domingo :b[Editor no identificado],c[1965]. a31 páginas c21 cm. atextobtxt2rdacontent asin mediación bn2rdamedia avolumenbnc2rdacarrier aLa biblioteca posee una copia del 1965.